000 00635nam a2200229Ia 4500
001 14923
003 GE_BSU
008 181216s||||||||xx |||||||||||||| ||und||
040 _cGE_BSU
080 _a539.1
100 _aБорн,М.
245 _aАтомная физика
245 _cПер. с англ.О.И. Завьялова и В.П.Павлова. Под ред. Б.В.Медведева
250 _a3-е изд.
260 _aМосква
260 _bМир
260 _c1970
300 _a484стр.22см.
300 _eУказатель стр.477
653 _aАтомная физика
942 _cBK
999 _c48043
_d48043